00205nam a2200085Ia 4500008004100000041000800041100002100049245004000070260000900110240625s9999 xx 000 0 und d aeng aBATEMAN THOMAS S aMANAGEMENT COMPETING IN THE NEW ERA c2003